=LDR 00000nam 2200000 4500 =001 INLIS000000000025988 =005 20130612124446 =008 ***********************************Ind** =035 ##$$0010-061300000025988 =041 ##$$a Ind =082 ##$$a 616 =090 ##$$a 616, Yat w =100 ##$$a Yatim, Faesal =245 ##$$a Jantung koroner, Stroke meninggal mendadak atasi dengan pola hidup sehat, Faesal Yatim =260 ##$$a 2005 $b Jakarta =300 ##$$a 86 hlm, 18 cm =650 ##$$a Stroke =850 ##$$a NBPNMAT